History of philosophy eastern and western / (Record no. 1333)

MARC details
000 -LEADER
fixed length control field 00788nam a22002177a 4500
003 - CONTROL NUMBER IDENTIFIER
control field BD-DhJNU
005 - DATE AND TIME OF LATEST TRANSACTION
control field 20250216061523.0
008 - FIXED-LENGTH DATA ELEMENTS--GENERAL INFORMATION
fixed length control field 250216b |||||||| |||| 00| 0 eng d
040 ## - CATALOGING SOURCE
Original cataloging agency BD-DhJNU
Language of cataloging ENG
Transcribing agency BD-DhJNU
Modifying agency BD-DhJNU
082 ## - DEWEY DECIMAL CLASSIFICATION NUMBER
Edition number 23
Classification number 109
245 ## - TITLE STATEMENT
Title History of philosophy eastern and western /
Statement of responsibility, etc. Edited by Sarvepalli Radhakrishnan, Ardeshir Ruttonji Wadia, Dhirendra Mohan Datta and Humayun Kabir
260 ## - PUBLICATION, DISTRIBUTION, ETC.
Place of publication, distribution, etc. London :
Name of publisher, distributor, etc. George Allen & Unwin LTD,
Date of publication, distribution, etc. 1957.
300 ## - PHYSICAL DESCRIPTION
Extent 617 p. :
Dimensions 24 cm.
504 ## - BIBLIOGRAPHY, ETC. NOTE
Bibliography, etc. note includes bibliographical reference and index
650 ## - SUBJECT ADDED ENTRY--TOPICAL TERM
Topical term or geographic name entry element Philosophy
700 ## - ADDED ENTRY--PERSONAL NAME
Personal name Radhakrishnan, Sarvepalli
Relator term Editor
700 ## - ADDED ENTRY--PERSONAL NAME
Personal name Wadia, Ardeshir Ruttonji
Relator term Editor
700 ## - ADDED ENTRY--PERSONAL NAME
Personal name Datta, Dhirendra Mohan
Relator term Editor
700 ## - ADDED ENTRY--PERSONAL NAME
Personal name Kabir, Humayun
Relator term Editor
942 ## - ADDED ENTRY ELEMENTS (KOHA)
Source of classification or shelving scheme Dewey Decimal Classification
Koha item type Books
Suppress in OPAC No
Holdings
Withdrawn status Lost status Source of classification or shelving scheme Damaged status Not for loan Collection Home library Current library Shelving location Date acquired Source of acquisition Total checkouts Full call number Barcode Date last seen Copy number Price effective from Koha item type
    Dewey Decimal Classification     Non-fiction Jagannath University Central Library Jagannath University Central Library General stacks 02/16/2025 Purchased   109 HIS JNUCL9235 02/16/2025 1 02/16/2025 Books